000 00744nam a2200253Ia 4500
003 OSt
005 20220930201237.0
006 a|||||r|||| 00| 0
007 ta
008 220926b |||||||| |||| 00| 0 hin d
024 _a72349
037 _cDissertations
040 _aCRL
_cCRL
_bhin
041 _2hin
_ahin
100 _aAggarwal Mukesh Kumar
110 _aUniversity of Delhi. Faculty of Arts. Department of Hindi
245 0 _aKhelon aur bazar bhawon ki bhasha
_b Samachar pattron mein
260 _c1981
300 _a182p.
_ccm.
650 _aHINDI LITERATURE
_923866
700 _aUniversity of Delhi. Faculty of Arts. Department of Hindi
942 _cDIS
_2CC
999 _c901643
_d901643